Statistiques concernant Frontières de l'Union européenne

Cliquez ici pour prendre le quiz!

Statistiques générales

  • Ce quiz a été pris 13 526 fois
  • Le résultat moyen est 14 sur 21

Statistiques - réponses

kmPays voisins% Correct
2 257Russie
97%
446Turquie
88%
1 257Ukraine
79%
1 811Suisse
75%
652Royaume-Uni
73%
1 050Biélorussie
72%
2 348Norvège
69%
673Brésil
65%
16Maroc
65%
125Andorre
63%
6Monaco
63%
3Vatican
63%
1 162Serbie
61%
39Saint-Marin
59%
282Albanie
58%
35Liechtenstein
57%
681Moldavie
57%
394Macédoine du Nord
55%
25Monténégro
55%
932Bosnie-Herzégovine
54%
510Suriname
49%

Distribution des résultats

Percentile par nombre de réponses

% des personnes avec chaque résultat

Votre développement - résultats

Vous n’avez pas pris ce quiz